Statistiques concernant QCM - Paroles de "Sous l'océan"

Cliquez ici pour prendre le quiz!

Statistiques générales

  • Ce quiz a été pris 176 fois
  • Le résultat moyen est 10 sur 12

Statistiques - réponses

QuestionRéponse% Correct
Sous l'océan, sous l'océan. Doudou c'est bien mieux, tout le monde est heureux sous l'océan ! Là-haut ils bossent toute la journée, ...esclavagés et prisonniers
91%
c'est frénétique, c'est fantastique, on est en transe, faut...que ça balance
90%
On déambule, on fait des bulles, sous l'océan ! Sous l'océan, la vie est super, mieux que sur la terre je te le dis ! Tu vois l'esturgeon et la raie, se sont lancés...dans le reggae
89%
Le lieu est le dieu de la soul ! La raie au djembé, gardon au violon, la sole rock'n'roll, le thon garde le ton, le bar et le sprat...se marrent et s'éclatent
86%
Le roseau est toujours plus vert...dans le marais d'à-côté
85%
Pendant qu'on plonge comme des éponges sous l'océan ! Chez nous les poissons se fendent la pipe, ...les vagues sont un vrai régal
85%
Toi t'aimerais bien vivre sur terre, bonjour la calamité ! Regarde bien le monde qui t'entoure dans l'océan parfumé, on fait carnaval tous les jours, ...mieux tu ne pourras pas trouver
85%
Vas-y souffle mon doudou ! Sous l'océan, quand la sardine begin the beguine ça balance...ça swingue
84%
Là-haut ils s'écaillent et ils flippent, à tourner dans leur bocal. Le bocal, faut dire, c'est l'extase, chez leurs copains cannibales.Si monsieur poisson n'est pas sage
77%
...il finira dans la poêle. Sous l'océan, sous l'océan ! Y'a pas de court-bouillon, pas de soupe de poissons, pas de marmiton ! Pour la tambouille on leur dit non, sous l'océan ...y'a pas d'hameçon
77%
Ils ont le sable ça c'est certain, nous le jazz band et les copains. On les clim clam pour faire une jim jam sous l'océan. Les limaces de mer au rythme d'enfer et les bigorneaux...pour donner le tempo
73%
On a le rythme, c'est de la dynamite sous l'océan ! L'triton au flûtiau, la carpe joue d'la harpe, la rascasse d'la basse, c'est les rois du rap, l'maquereau au saxo...l'turbot au bongo
61%

Distribution des résultats

Percentile par nombre de réponses

% des personnes avec chaque résultat

Votre développement - résultats

Vous n’avez pas pris ce quiz